000 00325nam a2200133Ia 4500
005 20251222152621.0
008 251222s9999||||xx |||||||||||||| ||spa||
020 _a8401605857
082 _a799.16/P66/V.II
245 0 _aEl Gran Libro de la Pesca
250 _a1ra.ed.
264 _bPlaza&James Editores, S.A.
942 _cLIB
999 _c27351
_d27351